Escudos de la Liga Cordobesa de fútbol - Estadísticas

Estadísticas generales
  • Esta prueba ha sido intentada 20 veces
  • La puntuación promedio es 10 de 22
Estadísticas de respuestas
Imagen Respuesta % Correcto
Belgrano
91%
Racing de Córdoba
91%
Talleres
91%
Instituto
82%
Camioneros de Córdoba
64%
Huracán de Córdoba
64%
Atlético Universitario
55%
General Paz Juniors
55%
San Lorenzo de Córdoba
55%
Las Palmas
45%
San Vicente
45%
Argentino Peñarol
36%
Las Flores
36%
Libertad
36%
Atlético Barrio Parque
27%
Escuela Presidente Roca
27%
Los Andes
27%
Atlético Amsurrbac
18%
Atlético Carlos Paz
18%
Deportivo Atalaya
18%
Villa Azalais
9%
Infantil Barrio Ituzaingó
0%
No se encontraron pruebas coincidentes
Distribución de puntuación
Porcentaje de gente con cada puntuación
Porcentaje por número respondido
Historial de tus puntuaciones
No has intentado esta prueba.